| 000 | 00827nam a2200253 i 4500 | ||
|---|---|---|---|
| 001 | 172635 | ||
| 003 | ES-MaACL | ||
| 005 | 20250522184211.0 | ||
| 007 | t| | ||
| 008 | 090804s1986 fr ||||1| fre d | ||
| 020 | _a2-07-053015-9 | ||
| 080 | _a929 Verdi, Giuseppe | ||
| 080 | _a78 Verdi, Giuseppe | ||
| 100 | 1 |
_aDuault, Alain. _9141138 |
|
| 245 | 1 | 0 |
_aVerdi, la musique et le drame / _cAlain Duault. |
| 260 |
_aParis : _bGallimard, _c1986. |
||
| 300 |
_a192 p. : _bil. col. y n. ; _c18 cm. |
||
| 490 | 1 |
_aDécouvertes Gallimard. Musique ; _v9 |
|
| 500 | _aÍndices. | ||
| 600 | 0 | 4 |
_aVerdi, Giuseppe, _d1813-1901- _xBiografías _9114031 |
| 830 | 0 |
_aDécouvertes Gallimard. Musique ; _v9 _9223405 |
|
| 852 | 4 |
_aES-MaACL _jE-12916 _9R.139298 _z. - Biblioteca Jacinto Martínez Lacalle |
|
| 999 |
_c172635 _d172635 |
||